00344nam a2200109Ia 4500008004100000020003500041082002000076100002100096245008000117250001600197300002100213210430s9999 xx 000 0 und d a9781466552999 (hardcover : aci a660.0151 L8471A aLoney, Norman W. aApplied mathematical methods for chemical engineers 3rd /cLoney, Norman W. a3rd Edition axix, 545 pages ;